Survey of responsible company behaviour (Record no. 71708)

MARC details
000 -LEADER
fixed length control field 01138cam a2200217 4500
001 - CONTROL NUMBER
control field WB3845-06
008 - FIXED-LENGTH DATA ELEMENTS--GENERAL INFORMATION
fixed length control field 021204n2002 000 0 eng u
035 ## - SYSTEM CONTROL NUMBER
System control number (Sirsi) u120666
245 ## - TITLE STATEMENT
Title Survey of responsible company behaviour
260 ## - PUBLICATION, DISTRIBUTION, ETC.
Date of publication, distribution, etc. 2002
490 ## - SERIES STATEMENT
Series statement ippr Press Release
Volume/sequential designation 4 December 2002, (3)
520 ## - SUMMARY, ETC.
Summary, etc. A survey of 500 directors by the Institute for Public Policy Research (ippr) and the Institute of Directors (IoD) reveals a gap between the theory and practice of corporate social responsibility. While many companies support policies to protect the environment and deliver equal opportunities, significantly less put these into practice. "What's on the agenda? How UK directors contribute to social and environmental objectives" is available from the ippr Media Office, e [email protected] www.ippr.org.uk/home/index.php?table=press&id=181
590 ## - LOCAL NOTE (RLIN)
Local note WB
650 ## - SUBJECT ADDED ENTRY--TOPICAL TERM
Topical term or geographic name entry element DIRECTORS
650 ## - SUBJECT ADDED ENTRY--TOPICAL TERM
Topical term or geographic name entry element INSTITUTE FOR PUBLIC POLICY RESEARCH
650 ## - SUBJECT ADDED ENTRY--TOPICAL TERM
Topical term or geographic name entry element INSTITUTE OF DIRECTORS
650 ## - SUBJECT ADDED ENTRY--TOPICAL TERM
Topical term or geographic name entry element ENVIRONMENTAL MANAGEMENT
650 ## - SUBJECT ADDED ENTRY--TOPICAL TERM
Topical term or geographic name entry element SOCIAL RESPONSIBILITY
690 ## - LOCAL SUBJECT ADDED ENTRY--TOPICAL TERM (OCLC, RLIN)
Topical term or geographic name as entry element MANAGEMENT-BUSINESS MANAGEMENT
942 ## - ADDED ENTRY ELEMENTS (KOHA)
Suppress in OPAC 0
Holdings
Withdrawn status Lost status Source of classification or shelving scheme Damaged status Not for loan Home library Current library Shelving location Date acquired Total Checkouts Full call number Barcode Date last seen Copy number Price effective from Koha item type
    Dewey Decimal Classification     London London News article 04/12/2002   WB3845-06 120666-1001 06/08/2019 1 06/08/2019 News article